000 01249nam a22003134a 4500
001 ebr10089119
003 CaPaEBR
006 m u
007 cr cn|||||||||
008 021024s2003 ne sb 101 0 eng
020 _z9004128786 (acid-free)
040 _aCaPaEBR
_cCaPaEBR
035 _a(OCoLC)55081314
050 1 4 _aB395
_b.P519 2003eb
082 0 4 _a184
_221
245 0 0 _aPlato as author
_h[electronic resource] :
_bthe rhetoric of philosophy /
_cedited by Ann N. Michelini.
260 _aLeiden ;
_aBoston :
_bBrill,
_c2003.
300 _avi, 359 p.
490 1 _aCincinnati classical studies ;
_vnew ser., v. 8
504 _aIncludes bibliographical references (p. [333]-351) and index.
533 _aElectronic reproduction.
_bPalo Alto, Calif. :
_cebrary,
_d2013.
_nAvailable via World Wide Web.
_nAccess may be limited to ebrary affiliated libraries.
600 0 0 _aPlato
_xLiterary art.
650 0 _aRhetoric, Ancient.
655 7 _aElectronic books.
_2local
700 1 _aMichelini, Ann N.
710 2 _aebrary, Inc.
830 0 _aCincinnati classical studies ;
_vnew ser., v. 8.
856 4 0 _uhttp://site.ebrary.com/lib/rucke/Doc?id=10089119
_zAn electronic book accessible through the World Wide Web; click to view
999 _c52545
_d52545